New patterns in genetics and development.

Saved in:
书目详细资料
主要作者: Waddington, C. H. (Conrad Hal), 1905-1975
格式: 图书
语言:English
出版: New York, Columbia University Press, 1962.
丛编:Columbia biological series no. 21
主题:
LEADER 00959nam a22002651 4500
001 c000018718
003 CARM
005 00000000000000.0
008 820129s1962 nyua 00000 eng
019 1 |a 23056920  |z 42749631  |z 2940484  |z 23902995  |z 57706991  |5 LACONCORD2021 
035 |a (OCoLC)487543  |5 LACONCORD2021 
040 |a DLC/ICU  |c ICU 
050 |a QH491  |b .W3 
082 0 4 |a 575.1081 
082 0 4 |a 575.1081 
100 1 |a Waddington, C. H.  |q (Conrad Hal),  |d 1905-1975. 
245 1 0 |a New patterns in genetics and development. 
260 |a New York,  |b Columbia University Press,  |c 1962. 
300 |a 271 p.  |b illus.  |c 24 cm. 
440 0 |a Columbia biological series  |v no. 21 
650 0 |a Genetics. 
650 0 |a Embryology. 
852 8 |b CARM  |h A2:AE30A0  |i B00636  |p 0033055  |f BK 
999 f f |i 68ee5d23-cd8c-5b9f-8dc4-baf265773e8f  |s a021873f-4c56-5c8d-9981-27f53450f960 
952 f f |p Can circulate  |a CAVAL  |b CAVAL  |c CAVAL  |d CARM 1 Store  |e B00636  |f A2:AE30A0  |h Other scheme  |i book  |m 0033055